| 000 | 00869cam a22003134a 4500 | ||
|---|---|---|---|
| 001 | 14928544 | ||
| 003 | OSt | ||
| 005 | 20140310184453.0 | ||
| 008 | 070714s2005 nyu 000 0 eng | ||
| 010 | _a 2007275147 | ||
| 020 | _a0439797705 | ||
| 040 |
_aDLC _cDLC |
||
| 042 | _alc | ||
| 050 | 0 | 0 |
_aPZ 7 _b.R686 2001 |
| 100 | 1 |
_aRodda, Emily. _920594 |
|
| 245 | 1 | 4 |
_aThe ghost of Raven Hill / _cEmily Rodda. |
| 260 |
_aNew York : _bSholastic, _c[2005]. |
||
| 300 |
_a112 p. ; _c20 cm. |
||
| 490 | 0 |
_aEmily Rodda's Raven Hill mysteries ; _v#1 |
|
| 521 | _aG4 | ||
| 526 | _c600 | ||
| 541 | _j1 | ||
| 562 | _eFor Circulation. 2 copies in the colletion | ||
| 906 |
_a0 _bibc _corignew _d4 _encip _f20 _gy-gencatlg |
||
| 942 |
_2lcc _cBK-SCHOLAS |
||
| 999 |
_c34621 _d34621 |
||